3e déclinaison neutre imparisyllabiques Latin. - Statistiques

Statistiques générales
  • Ce quiz a été pris 362 fois
  • Le résultat moyen est 11 sur 12
Statistiques - réponses
Cas Radical Terminaisons % Correct
Nominatif singulier corp... -us
99%
Vocatif singulier corp... -us
99%
Datif singulier corpor... -i
98%
Ablatif singulier corpor... -e
96%
Accusatif singulier corp... -us
96%
Datif pluriel corpor... -ibus
95%
Ablatif pluriel corpor... -ibus
95%
Génitif singulier corpor... -is
95%
Nominatif pluriel corpor... -a
93%
Vocatif pluriel corpor... -a
93%
Accusatif pluriel corpor... -a
93%
Génitif pluriel corpor... -um
91%
Aucun quiz correspondant
Distribution des résultats
% des personnes avec chaque résultat
Percentile par nombre de réponses
Votre historique - résultats
Vous n’avez pas pris ce quiz